Times por Escudo - Brasileirão Serie D 2024 - Statistics

Estatísticas Gerais
  • Esse quiz foi jogado 312 vezes
  • A pontuação média é 34 de 64
Estatísticas das Respostas
Imagem Resposta % Correto
Brasiliense
83%
Brasil de Pelotas
82%
Santo André
79%
Água Santa
77%
Nova Iguaçu
76%
Maringá
73%
Moto Club
72%
Sousa
72%
Audax RJ
70%
FC Cascavel
69%
Retrô
69%
Águia de Marabá
68%
Portuguesa RJ
68%
Inter de Limeira
67%
River PI
66%
Sergipe
66%
Cianorte
65%
Manaus
65%
Altos
64%
ASA
64%
Treze
63%
Fluminense PI
61%
Ipatinga
61%
Novo Hamburgo
60%
Mixto
59%
São José SP
59%
Jacuipense
56%
São Raimundo RR
56%
Juazeirense
54%
Real Brasília
54%
Avenida
53%
CRAC
53%
Trem
53%
Concórdia
51%
Maranhão
51%
Patrocinense
51%
Rio Branco AC
50%
Humaitá
49%
Iguatu
48%
Porto Velho
48%
Barra SC
47%
Anápolis
46%
Atlético CE
45%
Real Noroeste
44%
Maracanã
43%
Costa Rica MS
42%
Princesa de Solimões
42%
Serra
39%
Itabaiana
38%
Pouso Alegre
38%
CSE
37%
Capital TO
36%
Santa Cruz RN
36%
União Rondonópolis
34%
Petrolina
33%
América RN
32%
Cametá
31%
Democrata SL
31%
Iporá
31%
Manauara
31%
Potiguar de Mossoró
28%
Tocantinópolis
27%
Itabuna
26%
Hercílio Luz
17%
Nenhum quiz correspondente encontrado
Distribuição das Pontuações
Porcentagem de Pessoas com Cada Pontuação
Percentil de Números Respondidos
Sua Pontuação Histórica
Você não jogou esse quiz